| 000 | 00430nam a2200169Ia 4500 | ||
|---|---|---|---|
| 008 | 230524s9999 xx 000 0 und d | ||
| 020 | _a8129702126 | ||
| 082 |
_a621.381 _bCAR |
||
| 100 | _aJoseph J.Carr | ||
| 245 | 0 | _aElements of Electronic Instrumentation and Measurement | |
| 250 | _a3RD | ||
| 260 |
_aNEW DELHI _bPearson _c2005 |
||
| 300 | _a608 | ||
| 500 | _aQuantity Number: 49 | ||
| 650 | _aElectronics | ||
| 942 | _cBK | ||
| 999 |
_c10315 _d10315 |
||